Gecombineerde Landen Vorm Quiz - Statistieken

Algemene statistieken
  • Deze quiz is 3.018 keer genomen
  • De gemiddelde score is 28 van 40
Antwoordstatistieken
Land % Correct
Finland
98%
Zweden
98%
Spanje
96%
Portugal
95%
Denemarken
94%
Duitsland
94%
Oostenrijk
93%
Zwitserland
92%
Kroatië
86%
Zuid-Afrika
82%
Servië
81%
Laos
79%
Cambodja
76%
Myanmar
76%
Bangladesh
75%
Mozambique
74%
Noord-Korea
73%
Zuid-Korea
73%
Somalië
72%
Ethiopië
71%
Panama
71%
Libië
69%
Tunesië
69%
Costa Rica
66%
Slowakije
66%
Tsjechië
66%
Soedan
65%
Zuid-Soedan
64%
Polen
62%
Belarus
61%
Haïti
58%
Dominicaanse Republiek
57%
Kirgizië
52%
Tadzjikistan
51%
Kenia
45%
Tanzania
45%
Colombia
44%
Venezuela
44%
Bolivia
41%
Paraguay
41%
Geen overeenkomende quizzen gevonden
Scoreverdeling
Procent van Mensen met Elke Score
Percentiel versus Aantal Correcte Antwoorden
Uw Scoregeschiedenis
U heeft deze quiz nog niet genomen